Christ stopped at Eboli / (Record no. 15072)
[ view plain ]
| 000 -LEADER | |
|---|---|
| fixed length control field | 00399cam a2200145 a 4500 |
| 020 ## - INTERNATIONAL STANDARD BOOK NUMBER | |
| ISBN | 014005555X |
| 040 ## - CATALOGING SOURCE | |
| Transcribing agency | MH |
| 082 ## - DEWEY DECIMAL CLASSIFICATION NUMBER | |
| Classification number | 914 PEN 1982 A104 Or. |
| 100 1# - MAIN ENTRY--AUTHOR NAME | |
| Personal name | Levi, Carlo, |
| 245 10 - TITLE STATEMENT | |
| Title | Christ stopped at Eboli / |
| 260 ## - PUBLICATION, DISTRIBUTION, ETC. (IMPRINT) | |
| Place of publication | Harmondsworth, Middlesex, England ; |
| -- | New York, N.Y. : |
| Name of publisher | Penguin Books, |
| Year of publication | 1982, c1963. |
| 300 ## - PHYSICAL DESCRIPTION | |
| Number of Pages | 253 p. : |
| Other physical details | map ; |
| Dimensions | 20 cm. |
| 490 0# - SERIES STATEMENT | |
| Series statement | King Penguin |
| 942 ## - ADDED ENTRY ELEMENTS (KOHA) | |
| Koha item type | សៀវភៅភាសាអង់គ្លេស |
| 952 ## - LOCATION AND ITEM INFORMATION (KOHA) | |
| Withdrawn status [LOCAL, KOHA] | 0 |
| Permanent Location | Date acquired | Koha item type | Lost status | Shelving location | Barcode | Current Location | Full call number |
|---|---|---|---|---|---|---|---|
| Library Block A | 2017-11-02 | សៀវភៅភាសាអង់គ្លេស | A104 | A06235 | Library Block A | 914 PEN 1982 A104 Co. |